Wetland and riparian restoration taking a broader view : contributed papers and selected abstracts, Society for Ecological Restoration International Conference, September 14-16, 1995, Seattle, Washington /
Saved in:
| Corporate Authors: | , , , |
|---|---|
| Other Authors: | , |
| Format: | Book |
| Language: | English |
| Published: |
Seattle, Wash. :
U.S. Environmental Protection Agency, Region 10,
c1997.
|
| Subjects: | |
| Tags: |
Add Tag
No Tags, Be the first to tag this record!
|
| LEADER | 01928cam a2200385Ia 4500 | ||
|---|---|---|---|
| 001 | 007895633-1 | ||
| 005 | 20020606104010.5 | ||
| 008 | 980911s1997 wauab bb f101 0 eng d | ||
| 035 | 0 | |a ocm39854553 | |
| 040 | |a JPL |c JPL |d GPO |d HLS | ||
| 043 | |a n-us--- | ||
| 074 | |a 0431-I-01 (MF) | ||
| 086 | 0 | |a EP 1.2:W 53/9 | |
| 110 | 2 | |a Society for Ecological Restoration. |b Conference |d (1995 : |c Seattle, Wash.) | |
| 245 | 1 | 0 | |a Wetland and riparian restoration |h [microform] : |b taking a broader view : contributed papers and selected abstracts, Society for Ecological Restoration International Conference, September 14-16, 1995, Seattle, Washington / |c editors: Keith B. Macdonald [and] Fred Weinmann. |
| 246 | 1 | 4 | |a Wetland and riparian restoration : |b taking a broader view : proceedings of a conference |
| 260 | |a Seattle, Wash. : |b U.S. Environmental Protection Agency, Region 10, |c c1997. | ||
| 300 | |a xxvii, 284 p. : |b ill., maps ; |c 28 cm. | ||
| 500 | |a Publication co-sponsors: U.S. Environmental Protection Agency, Northwest Chapter Society for Ecological Restoration, Pacific Northwest Chapter Society of Wetland Scientists, CH2M Hill. | ||
| 500 | |a "Office of Ecosystems & Communities, Aquatic Resources Unit"--Cover. | ||
| 500 | |a "December 1997." | ||
| 500 | |a Shipping list no.: 98-0973-M. | ||
| 500 | |a Includes author index. | ||
| 500 | |a "EPA 910-R-97-007"--Cover. | ||
| 504 | |a Includes bibliographical references. | ||
| 650 | 0 | |a Riparian ecology |z United States |v Congresses. | |
| 650 | 0 | |a Wetland ecology |z United States |v Congresses. | |
| 650 | 0 | |a Restoration ecology |z United States |v Congresses. | |
| 700 | 1 | |a Macdonald, Keith B. | |
| 700 | 1 | |a Weinmann, Fred, |d 1944- | |
| 710 | 1 | |a United States. |b Environmental Protection Agency. |b Region X. |b Aquatic Resources Unit. | |
| 710 | 2 | |a Society of Wetland Scientists (U.S.). |b Pacific Northwest Chapter. | |
| 710 | 2 | |a CH2M Hill, inc. | |
| 988 | |a 20020608 | ||
| 906 | |0 OCLC | ||


